| 000 | 00487nam a2200181Ia 4500 | ||
|---|---|---|---|
| 005 | 20250326142554.0 | ||
| 008 | 250326s9999 xx 000 0 und d | ||
| 037 | _aTextbook | ||
| 040 |
_aFMSL _beng _cFMSL |
||
| 041 |
_aeng _2eng |
||
| 084 | _qFMSL | ||
| 100 |
_aSmith C W _9746243 |
||
| 245 | 4 |
_aThe handbbok of ficial engineering _cSmith C W; Smithson C W |
|
| 260 |
_aNew York _bNew York, Haper Business _c1990 |
||
| 300 | _a687p | ||
| 942 | _cTB | ||
| 999 |
_c1295646 _d1295646 |
||